000 00607nam a2200241Ia 4500
003 OSt
005 20221007082357.0
006 a|||||r|||| 00| 0
007 ta
008 221006b |||||||| |||| 00| 0 eng d
024 _a14,040
037 _cReports / Technical Reports
040 _aFLL
_cFLL
_beng
041 _2eng
_aeng
082 _aX:2.N7t4, L7
110 _aGovt. of india
245 0 _aEconomic survey 1978-79
260 _c1977
300 _a120p
_ccm.
700 _aGovt. of india
942 _hX:2.N7t4, L7
_cREP
_2CC
999 _c1166223
_d1166223